Szczegóły MARC21

Niemiecki w 3 miesiące dla początkujących /

003 -Nazwa inst., której nr kontr. jest w polu 001 [,]
    • @
    • Nazwa instytucji, której n kontrolny jest w polu 001
    • NUKAT
005 -DATA I CZAS OSTATNIEJ MODYFIKACJI [,]
    • @
    • pole kontrolne
    • 20241231114014.0
020 -Międzynarod. znormalizowany nr książki - ISBN [ , ]
    • a
    • Numer ISBN
    • 8388507885 Find
040 -Instytucja sporządzająca opis [ , ]
    • a
    • Instytucja, która sporządziła opis (NP)
    • SZCZ U/MC
    • b
    • Język katalogowania
    • pol
    • e
    • Zasady katalogowania
    • rda
    • c
    • Instytucja, która sporządziła rekord (NP)
    • SZCZ U/MCs
    • d
    • Instytucja, która zmodyfikowała rekord (P)
    • SZCZ U/AB
041 -Język dokumentu [0, ]
    • a
    • Język tekstu (P)
    • polski
    • a
    • Język tekstu (P)
    • niemiecki
942 -Rodzaj dokumentu [ , ]
    • c
    • Rodzaj dokumentu
    • Książka
100 -Hasło główne - nazwa osobowa [1, ]
    • a
    • Nazwa osobowa (NP)
    • Griesbach, Heinz
    • d
    • Daty biograficzne (NP)
    • (1934- ).
    • e
    • Rodzaj współpracy
    • Autor
    • 9
    • KHW
    • 50565
245 -Strefa tytułu i oznaczenia odpowiedzialności [1,0]
    • a
    • Tytuł
    • Niemiecki w 3 miesiące dla początkujących / Find
    • c
    • Pozostałe elementy strefy tytułu i oznaczenia odpowiedzialności (NP)
    • Heinz Griesbach ; tłumaczenie i adaptacja: Adam Krasicki ; redakcja serii: Robert Kuc ; redakcja tomu: Alina Rozynek, Barbara Hołderna.
246 -Wariant tytułu [1,0]
    • a
    • Tytuł (NP)
    • Niemiecki w 3 miesiące :
    • b
    • Ciąg dalszy tytułu (NP)
    • kurs z kasetami dla początkujących : nauka od podstaw - szybkie efekty
246 -Wariant tytułu [1, ]
    • i
    • Tekst wyświetlany na ekranie monitora (NP)
    • Tytuł oryginału :
    • a
    • Tytuł (NP)
    • Stationen Deutsch
246 -Wariant tytułu [3,0]
    • a
    • Tytuł (NP)
    • Niemiecki w trzy miesiące
246 -Wariant tytułu [1,0]
    • a
    • Tytuł (NP)
    • Niemiecki w 3 miesiące :
    • b
    • Ciąg dalszy tytułu (NP)
    • kurs językowy z nagraniami dla początkujących
250 -Strefa wydania [ , ]
    • a
    • Oznaczenie wydania (NP)
    • Wydanie I (w tej edycji).
260 -Strefa adresu wydawniczego [ , ]
    • a
    • Miejsce wydania (P)
    • Poznań :
    • b
    • Nazwa wydawcy (P)
    • Wydawnictwo LektorKlett,
    • c
    • Data wydania (P)
    • 2001.
300 -Strefa opisu fizycznego [ , ]
    • a
    • Określenie formy książki i/lub objętość (NP)
    • 124 strony :
    • b
    • Oznaczenie ilustracji (NP)
    • ilustracje ;
    • c
    • Format (NP)
    • 22 cm +
    • e
    • Oznaczenie dokumentu towarzyszącego (NP)
    • 4 dyski optyczne (CD ROM).
336 -Typ zawartości [ , ]
    • a
    • Termin opisujący typ zawartości
    • Tekst
    • b
    • Kod określający zawartość
    • txt
    • 2
    • Źródło (terminu i kodu)
    • rdacontent
337 -Typ mediów [ , ]
    • a
    • Tryb odtwarzania
    • Bez urządzenia pośredniczącego
    • b
    • Kod typu mediów
    • n
    • 2
    • Źródło (terminu i kodu)
    • rdamedia
338 -Typ/rodzaj nośnika [ , ]
    • a
    • Hasło opisujące typ nośnika
    • Wolumin
    • b
    • Kod typu nośnika
    • nc
    • 2
    • Źródło (terminu i kodu)
    • rdacarrier
490 -Strefa serii i książki wielotomowej - forma nie do wyszukiwania [1, ]
    • a
    • Tytuł (P)
    • Pons : Naucz się sam Find
830 -Hasło dodatkowe serii i opisu książki wielotomowej - tytuł ujednolicony/tytuł [ ,0]
    • a
    • Tytuł ujednolicony/tytuł (NP)
    • Pons
    • 9
    • KHW
    • 18345
500 -Uwaga ogólna [ , ]
    • a
    • Uwaga ogólna (NP)
    • Podręcznik i 4 płyty CD w tekturowym pudełku.
500 -Uwaga ogólna [ , ]
    • a
    • Uwaga ogólna (NP)
    • Na pudełku 2 ISBN-y: 83-7429-186-9 ; 978-83-7429-186-6.
500 -Uwaga ogólna [ , ]
    • a
    • Uwaga ogólna (NP)
    • Na płytach CD widoczna data wydania 2002.
650 -Hasło przedmiotowe [ ,7]
    • a
    • Hasło przedmiotowe
    • Język niemiecki
    • x
    • Określnik rzeczowy
    • studia i nauczanie (początkowe)
    • z
    • Określnik geograficzny
    • Polska.
    • 2
    • Źródło terminu
    • kaba
    • 9
    • KHW
    • 484162
700 -Hasło dodatkowe - nazwa osobowa [1, ]
    • a
    • Nazwa osobowa (NP)
    • Krasicki, Adam. Find
    • e
    • Określenie rodzaju współpracy
    • Tłumaczenie
    • 9
    • KHW
    • 676803
700 -Hasło dodatkowe - nazwa osobowa [1, ]
    • a
    • Nazwa osobowa (NP)
    • Kuc, Robert. Find
    • e
    • Określenie rodzaju współpracy
    • Redakcja
    • 9
    • KHW
    • 50773
700 -Hasło dodatkowe - nazwa osobowa [1, ]
    • a
    • Nazwa osobowa (NP)
    • Rozynek, Alina. Find
    • e
    • Określenie rodzaju współpracy
    • Redakcja
    • 9
    • KHW
    • 676804
700 -Hasło dodatkowe - nazwa osobowa [1, ]
    • a
    • Nazwa osobowa (NP)
    • Hołderna, Barbara. Find
    • e
    • Określenie rodzaju współpracy
    • Redakcja
    • 9
    • KHW
    • 492281
710 -Hasło dodatkowe - nazwa ciała zbiorowego [2, ]
    • a
    • Nazwa ciała zbiorowego lub nazwa geograficzna jako pierwszy element (NP)
    • Wydawnictwo LektorKlett.
    • e
    • Rodzaj współpracy
    • Wydawca
    • 4
    • Kod relacji
    • pbl
    • 9
    • KHW
    • 50763
920 -ISBN [ , ]
    • a
    • ISBN
    • 83-88507-88-5 Find
Numer inwentarzowy Status udost. Data inwentaryzacji Lokalizacja Sygnatura
BJM.1968-32023-03-03BMGerm. Nauka jęz.-podręczniki 96